JUNGKOOK - Too sad to dance word by word - Statistics

General Stats
  • This quiz has been taken 75 times
  • The average score is 216 of 286
Answer Stats
Answer % Correct
dance
95%
I
95%
sad
95%
to
95%
a
93%
A
93%
too
93%
I'm
86%
me
86%
no
86%
way
86%
go
84%
Last
84%
last
84%
you
84%
You
84%
'Cause
81%
night
81%
nobody
81%
why
81%
and
79%
And
79%
in
79%
my
79%
that
79%
bottle
77%
got
77%
that's
77%
That's
77%
the
77%
up
77%
can't
74%
friends
74%
He
74%
love
74%
message
74%
went
74%
at
72%
broken
72%
found
72%
Had
72%
heart
72%
home
72%
said
72%
by
70%
By
70%
club
70%
disagree
70%
Do
70%
It
70%
it
70%
So
70%
week
70%
agree
67%
ain't
67%
know
67%
many
67%
caught
65%
couple
65%
don't
65%
just
65%
Just
65%
laughing
65%
Now
65%
now
65%
one
65%
talk
65%
This
65%
this
65%
threw
65%
Walk
65%
walk
65%
alone
63%
back
63%
more
63%
morning
63%
need
63%
wait
63%
all
60%
light
60%
really
60%
telephone
60%
told
60%
your
60%
But
58%
Christmas
58%
coming
58%
deserve
58%
gifts
58%
romance
58%
store
58%
before
56%
everybody's
56%
liquor
56%
pops
56%
should've
56%
admit
53%
door
53%
down
53%
head
53%
heard
53%
knocked
53%
straight
53%
you've
53%
called
51%
known
51%
won't
51%
Oh
49%
flaws
47%
Dum da
26%
dum da
26%
mmm
26%
da da da da da da
23%
da da dum da
23%
da dum da da da
23%
uh uh
14%
No matching quizzes found
Score Distribution
Percent of People with Each Score
Percentile by Number Answered
Your Score History
You have not taken this quiz